100 maiores discos da música brasileira - Statistics

Estatísticas Gerais
  • Esse quiz foi jogado 480 vezes
  • A pontuação média é 27 de 58
Estatísticas das Respostas
Álbum Artista % Correto
Tropicália ou Panis et Circensis Caetano Veloso, Gal Costa, Gilberto Gil, Nara Leão, Os Mutantes e Tom Zé
94%
Construção / Meus Caros Amigos Chico Buarque
89%
Elis & Tom Tom Jobim e Elis Regina
87%
Transa / Caetano Veloso (1968) / Cinema Transcendental / Jóia / Qualquer Coisa / Araçá Azul Caetano Veloso
86%
Gil & Jorge: Ogum, Xangô Gilberto Gil & Jorge Ben
85%
Fa-Tal: Gal a Todo Vapor / Gal Costa (1969) / Cantar Gal Costa
84%
Angela Ro Ro Angela Ro Ro
80%
Expresso 2222 / Refazenda / Refavela / Gilberto Gil (1968) Gilberto Gil
80%
Samba Esquema Noise / Carnaval na Obra Mundo Livre S/A
80%
The Composer of Desafinado, Plays / Matita Perê / Wave Tom Jobim
78%
Sobrevivendo no Inferno / Nada como Um Dia Após o Outro Dia Racionais MC's
76%
Roberto Carlos em Ritmo de Aventura / Roberto Carlos (1971) / O Inimitável / Jovem Guarda Roberto Carlos
76%
Fruto Proibido Rita Lee & Tutti Frutti
75%
Falso Brilhante / Elis (1972) Elis Regina
74%
Clube da Esquina / Milagre dos Peixes Milton Nascimento
72%
Getz/Gilberto Stan Getz & João Gilberto
69%
Chega de Saudade / João Gilberto (1973) / Amoroso João Gilberto
68%
Dois / Legião Urbana (1985) Legião Urbana
68%
Os Mutantes / A Divina Comédia ou Ando Meio Desligado / Mutantes / Jardim Elétrico Os Mutantes
68%
Cabeça Dinossauro / Õ Blésq Blom Titãs
65%
A Tábua de Esmeralda / Samba Esquema Novo / Força Bruta / África Brasil Jorge Ben
64%
Racional / Tim Maia (1970) / Tim Maia Racional Vol. 2 / Tim Maia (1971) Tim Maia
64%
Krig-ha, Bandolo! / Novo Aeon Raul Seixas
57%
Os Afro-Sambas Baden Powell & Vinícius de Moraes
53%
Acabou Chorare Novos Baianos
52%
Álibi Maria Bethânia
51%
Carlos, Erasmo Erasmo Carlos
49%
Nós Vamos Invadir Sua Praia Ultraje a Rigor
48%
Selvagem? Os Paralamas do Sucesso
46%
MM / Verde, Anil, Amarelo, Cor-de-Rosa e Carvão Marisa Monte
45%
Show Opinião Nara Leão, João do Vale & Zé Kéti
42%
Revoluções por Minuto RPM
42%
Cartola (1976) / Cartola (1974) Cartola
39%
Da Lama ao Caos / Afrociberdelia Chico Science & Nação Zumbi
39%
Estudando o Samba Tom Zé
39%
Chaos A.D. / Roots Sepultura
38%
Bloco do Eu Sozinho / Ventura Los Hermanos
34%
Secos & Molhados Secos e Molhados
32%
Pérola Negra Luiz Melodia
29%
LadoB LadoA O Rappa
27%
A Dança da Solidão / Nervos de Aço Paulinho da Viola
25%
Lóki? Arnaldo Baptista
21%
As Aventuras da Blitz Blitz
20%
Psicoacústica / Vivendo e Não Aprendendo Ira!
20%
Caymmi e Seu Violão / Canções Praieiras Dorival Caymmi
19%
Raimundos Raimundos
15%
A Sétima Efervescência Jupiter Maçã
13%
Clara Crocodilo Arrigo Barnabé
12%
Canção do Amor Demais Elizeth Cardoso
12%
Maria Fumaça Banda Black Rio
11%
Beleléu, Leléu, Eu Itamar Assumpção & Banda Isca de Polícia
10%
Coisas Moacir Santos
10%
A Bad Donato / Quem É Quem João Donato
9%
Circense Egberto Gismonti
8%
Revolver Walter Franco
7%
Nelson Cavaquinho (1973) Nelson Cavaquinho
6%
Noel Rosa Aracy de Almeida
5%
Doces Bárbaros Doces Bárbaros
4%
Nenhum quiz correspondente encontrado
Distribuição das Pontuações
Porcentagem de Pessoas com Cada Pontuação
Percentil de Números Respondidos
Sua Pontuação Histórica
Você não jogou esse quiz